000 00293nam a2200121Ia 4500
008 240731s9999 xx 000 0 und d
022 _a1943-8184
245 0 _aSouth Asian Diaspora
260 _bRoutledge
856 _uhttps://www.tandfonline.com/loi/rsad20
942 _2ddc
942 _cTFEJ
999 _c79480
_d79480
945 _a1
_bMadushi Gamage
_c1
_dMadushi Gamage